Online
Catalog
Normal view MARC view

Entry Término temático

Number of records used in: 4

001 - NÚMERO DE CONTROL

  • campo de control: 22166

003 - IDENTIFICADOR DEL NÚMERO DE CONTROL

  • campo de control: BNPHU

005 - FECHA Y HORA DE LA ÚLTIMA TRANSACCIÓN

  • campo de control: 20251104125016.0

008 - DATOS DE LONGITUD FIJA

  • campo de control de longitud fija: 200615|| aca||aabn | a|a d

010 ## - NÚMERO DE CONTROL DE LA BIBLIOTECA DEL CONGRESO

  • Número de control de LC: sh 85129704

040 ## - FUENTE DE LA CATALOGACIÓN

  • Centro catalogador/agencia de origen: DO-SdBNP
  • Lengua de catalogación: spa
  • Centro/agencia transcriptor: BNPHU
  • Normas de descripción: rda

150 ## - ENCABEZAMIENTO--TÉRMINO DE MATERIA

  • Término de materia o nombre geográfico como elemento de entrada: Caña de azucar
  • Subdivisión general: Cultivo

450 ## - TRAZADO DE VÉASE--TÉRMINO DE MATERIA

  • Término de materia o nombre geográfico como elemento de entrada: Cultivo caña de azúcar

450 ## - TRAZADO DE VÉASE--TÉRMINO DE MATERIA

  • Término de materia o nombre geográfico como elemento de entrada: Sugar growing

550 ## - TRAZADO VÉASE ADEMÁS--TÉRMINO DE MATERIA

  • Término de materia o nombre geográfico como elemento de entrada: Azúcar
  • Subcampo de control: g

550 ## - TRAZADO VÉASE ADEMÁS--TÉRMINO DE MATERIA

  • Término de materia o nombre geográfico como elemento de entrada: Azúcar
  • Subdivisión general: Manufactura y refinamiento
  • Subcampo de control: h

670 ## - FUENTE DE DATOS ENCONTRADOS

  • Cita de la fuente: Work cat.: (OSt)7944: Manual del cultivo de la caña de azúcar /, 1981.

670 ## - FUENTE DE DATOS ENCONTRADOS

  • Identificador Uniforme del Recurso: https://librunam.dgb.unam.mx:8443/F/Y7YR55XF2L3VMRT1I7CPJ15NPU3M1FG8N1TGLNT8BNV3U8LK6T-21352?func=full-set-set&set_number=007942&set_entry=000001&format=001 Consultado en 04 de Noviembre

670 ## - FUENTE DE DATOS ENCONTRADOS

  • Identificador Uniforme del Recurso: https://authorities.loc.gov/authority/a4358e14-74d4-4f83-9a35-4ddef4f2f8ac?searchFields=subject&searchType=begins&searchTerm=Sugar+growing&limit=100&sortBy=relevance&headingRef=Sugar+growing Consultado en 04 de Noviembre, 2025

750 ## - ENTRADA DE ENLACE DE ENCABEZAMIENTO ESTABLECIDO--TÉRMINO DE MATERIA

  • Término de materia o nombre geográfico como elemento de entrada: Sugar growing
  • Número de control del registro de autoridad o número normalizado: sh 85129704

Powered by Koha